| 000 | 00000nam 2200000zi 4500 |
| 001 | 9.930268 |
| 003 | CaOODSP |
| 005 | 20240129101313 |
| 006 | m o d f |
| 007 | cr mn||||||||| |
| 008 | 231114e202312 oncd ob f000 0 eng d |
| 020 | |a9780660429434|q(report) |
| 020 | |a9780660429441|q(summary) |
| 040 | |aCaOODSP|beng|erda|cCaOODSP |
| 043 | |an-cn--- |
| 086 | 1 |aHP5-175/1-2023E-PDF |
| 086 | 1 |aHP5-175/2-2023E-PDF |
| 245 | 00|aUpdated guidance on influenza vaccination during pregnancy. |
| 264 | 1|aOttawa, ON : |bPublic Health Agency of Canada = Agence de la santé publique du Canada, |cDecember 2023. |
| 264 | 4|c©2023 |
| 300 | |a1 online resource (80 pages) : |bcharts + |e1 summary (3 pages) |
| 336 | |atext|btxt|2rdacontent |
| 337 | |acomputer|bc|2rdamedia |
| 338 | |aonline resource|bcr|2rdacarrier |
| 500 | |aCover title. |
| 500 | |aIssued also in French under title: Directives mises à jour sur la vaccination antigrippale pendant la grossesse. |
| 500 | |aAt head of title: "An Advisory Committee Statement (ACS) National Advisory Committee on Immunization (NACI)." |
| 504 | |aIncludes bibliographical references (pages 67-76). |
| 650 | 0|aInfluenza|xVaccination|zCanada. |
| 650 | 0|aPregnancy|xImmunological aspects. |
| 650 | 0|aPregnant women|xHealth and hygiene|zCanada. |
| 710 | 2 |aPublic Health Agency of Canada, |eissuing body. |
| 710 | 1 |aCanada. |bNational Advisory Committee on Immunization, |eissuing body. |
| 775 | 08|tDirectives mises à jour sur la vaccination antigrippale pendant la grossesse.|w(CaOODSP)9.930269 |
| 856 | 40|qPDF|s1.76 MB|uhttps://publications.gc.ca/collections/collection_2024/aspc-phac/HP5-175-1-2023-eng.pdf|zGuidance |
| 856 | 40|qPDF|s291 KB|uhttps://publications.gc.ca/collections/collection_2024/aspc-phac/HP5-175-2-2023-eng.pdf|zSummary |
| 986 | |a230571 (Guidance) |
| 986 | |a230573 (Summary) |